LEADER 01119nam a2200265 i 4500 001 000000045964 003 CaOOAMICUS 005 20110302000000.0 008 110302s1995 it u000 u ita u 013 $a17134 020 $a88-13-19224-X 040 $aSeMil$bita 100 1 $aAngiolini, Vittorio,$d<1955- >.$0(OLS)http://semarc/name/22854 245 10$aCostituente e costituito :$bnell'Italia repubblicana /$cVittorio Angiolini. 260 $aPadova :$bCEDAM,$c1995. 490 0 $aDiritto e istituzioni ;$v15 650 4$aCostituzioni politiche.$0(OLS)http://semarc/subject/5223 650 4$aItalia - Legislazione.$0(OLS)http://semarc/subject/5894 830 0$aDiritto e istituzioni ;$v15.$0(OLS)http://semarc/title/32885 850 $aSeMil 852 $aSeMil$W1$xVenegono$y1$m3L III 203$j12119$B12119$CSeMilBibl$Z2$F12119 $81 961 $aAcquisto: Rappresentante 996 $6020$a88-13-19224-X$9(OLS)http://semarc/number/18332 996 $6245$aCostituente e costituito :$bnell'Italia repubblicana$9(OLS)http://semarc/title/68553 996 $6260$aPadova :$bCEDAM$9(OLS)http://semarc/publisher/30274 LEADER 00848nam a2200229 i 4500 001 000000103180 003 CaOOAMICUS 005 20251024095102.0 008 010919n it u000 u ita u 013 $a75346 040 $aSeMil$bita 245 10$aParte 2. 300 $a727 p., [24] p. di tav. 700 1 $aGuasco, Maurilio,$d<1939- >.$0(OLS)http://semarc/name/3478 700 1 $aTraniello, Francesco,$d<1936- >.$0(OLS)http://semarc/name/602 700 1 $aGuerriero, Elio,$d<1948- >.$0(OLS)http://semarc/name/487 773 0 $tChiesa del Vaticano 2. (1958-1978).$dCinisello Balsamo : San Paolo, 1994.$w()6644 850 $aSeMil 852 $aSeMil$W1$xVenegono$y1$mSL1.F VII 25/2$j59641$B59641$CSeMilBibl$Z2$F44131 $8I 961 $aAcquisto: Casa editrice 996 $6245$aParte 2$9(OLS)http://semarc/title/108333